Регионална библиотека "Любен Каравелов" - Русе

Тайният живот на Жозефина (Запис номер 78556)

MARC детайли
000 -Лидер
Контролно поле с фиксирана дължина 01153nam a2200301 c 4500
003 - Код на организацията, давaща контролен номер
Контролно поле BLK
005 - Дата и час на последна редакция
Контролно поле 20220615172006.0
008 - Елементи от данни с фиксирана дължина
fixed length control field 180408b bul|||||r ||||||| ||bul||
010 ## - Наследен системен номер
LC control number KNG00083022000
020 ## - Международен стандартен номер на книга ISBN
Международен стандартен номер на книга ISBN 978-954-733-553-0
-- издат.: Прозорец
040 ## - Източник на каталожния запис
Идентификатор на билиотеката - собственик на записа BLK
041 ## - Код за език
Код за езика на текст/звукозапис или на отделно заглавие Български
Код за езика КДБФ Български
080 ## - УДК
Текстов определител УДК Американска литература (на САЩ)
УДК код - определител по УДК 821.111(73)
УДК определител -312.6
УДК - код + определител 821.111(73)-312.6
100 1# - Редна дума - Автор
Автор Ериксън, Кароли
Авторска отговорност първи автор
R(LIN) 298775
139 ## - Редно поле
Редна дума Ериксън, Кароли
Авторски знак Ери - Е 77
245 10 - Сведения за заглавието
Заглавие Тайният живот на Жозефина
Редно поле (дума) Кароли Ериксън; прев. Лидия Михайлова Шведова.
257 ## - Страна на издаване
Страна на създаване/издаване Съединени американски щати
260 ## - Област на издателските данни
-- София
Име на издателя, разпространителя и проч. Прозорец
Година на издаване 2008
Печатница София : Инвестпрес
300 ## - Физическа характеристика
Страници 384 с.
Размери/Мащаб 21 см
380 ## - Жанр
Жанр Худож. лит.
500 ## - Общи забележки
Забележка Ориг. загл. The Secret Life of Josephine / Carolly Erickson
700 1# - Други автори (авторска отговорност)
Лично име Шведова, Лидия Михайлова
Автороска отговорност (Описва отношението между автора и произведението) прев.
9 (RLIN) 364992
852 ## - Местоположение
Форматна сигнатура Цб 239495
856 4# - Електронен адрес и достъп
Електронен формат pdf - файл
Път до файла /url/
856 4# - Електронен адрес и достъп
Електронен формат pdf - файл
Път до файла /url/
942 ## - АРТИКУЛИ
Вид на библиотечния материал Книги
Скрит в OPAC Не
Koha issues (borrowed), all copies 10
944 ## - СЪЗДАВАНЕ И РЕДАКЦИЯ на ЗАПИСА
Създаване/Редакция Създаване
Дата на регистрацията/редакция 09.04.2008
Служител, извършил регистрацията/редакцията Милена_Ачева
944 ## - СЪЗДАВАНЕ И РЕДАКЦИЯ на ЗАПИСА
Създаване/Редакция Редакция
Дата на регистрацията/редакция 03.02.2009
Служител, извършил регистрацията/редакцията
999 ## - СИСТЕМНИ КОНТРОЛНИ НОМЕРА
Koha biblionumber 78556
Koha biblioitemnumber 78556
Наличности
Код за отписване Код за изгубен артикул Код за повреда Коз за рестрикции Код за отдаване Артикулен № Име на библиотеката - собственик Име на библиотеката, в която се намира в момента Статус (Текущо местоположение) Дата на вписване в системата Местоположение - отдел Цена в лева Инвентарен номер Систематично азбучна сигнатура Баркод Номер на екземпляра Цена в евро Служебна бележка Служебен тип на артикула
Изтеглен Не е изгубен Не е повреден без рестрикции заемане за дома 127106 Регионална библиотека "Любен Каравелов" Русе Регионална библиотека "Любен Каравелов" Русе Заемна - подръчен фонд 2008-04-09 Заемна - подръчен фонд 12.90 120000725349 П 820(73)-31/Е 77 120000725349 1 6.60 Дост: Pk Вид: Ф N: 179 Дата: 04.04.2008 Дата инв: 14.02.2018 Бележки инв: П2018 Книги
  Не е изгубен Не е повреден без рестрикции ползва се в читалня 127107 Регионална библиотека "Любен Каравелов" Русе Регионална библиотека "Любен Каравелов" Русе Хранилище 2008-11-11 Хранилище 12.90 120000731249 Цб 239495 120000731249 2 6.60 Дост: Dp Вид: Д N: 28 Дата: 25.06.2008 Книги
Vip Innovations Ltd, Rousse, Bulgaria 2025